| 000 | 01157cam a2200289 a 4500 | ||
|---|---|---|---|
| 999 |
_c23330 _d23330 |
||
| 001 | 2158396 | ||
| 005 | 20170126093607.0 | ||
| 008 | 990602s2001 nyua 001 0 eng | ||
| 010 | _a 99035139 | ||
| 020 | _a0764113186 | ||
| 040 |
_aDLC _cDLC _dDLC |
||
| 050 | 0 | 0 |
_aNC1320 _b.E285 2001 |
| 100 | 1 | _aEdgell, Steve. | |
| 245 | 1 | 4 |
_aThe complete cartooning course : _bprinciples, practices, techniques / _cby Steve Edgell with Brad! Brooks and Tim Pilcher. |
| 260 |
_aHauppauge, NY : _bBarron's, _c2001 |
||
| 300 |
_a160 p. : _bcol. ill. ; _c32 cm. |
||
| 500 | _a"A Quarto book"--T.p. verso. | ||
| 500 | _aIncludes index. | ||
| 650 | 0 |
_aCartooning _xTechnique. |
|
| 700 | 1 | _aBrooks, Brad! | |
| 700 | 1 | _aPilcher, Tim. | |
| 942 |
_2lcc _cBOOKS _hNC1320 .E285 2001 |
||